Understanding ABGs & lung function tests / (Record no. 4593)

MARC details
000 -LEADER
fixed length control field 00724cam a22002292 4500
001 - CONTROL NUMBER
control field 0000024957
005 - DATE AND TIME OF LATEST TRANSACTION
control field 20151217145950.0
008 - FIXED-LENGTH DATA ELEMENTS--GENERAL INFORMATION
fixed length control field 140402s xx 000 0 eng d
020 ## - INTERNATIONAL STANDARD BOOK NUMBER
International Standard Book Number 1907816055 :
040 ## - CATALOGING SOURCE
Original cataloging agency KABU
Transcribing agency KABU
100 1# - MAIN ENTRY--PERSONAL NAME
Personal name Thillai, Muhunthan.
-- 0000185295
245 10 - TITLE STATEMENT
Title Understanding ABGs & lung function tests /
Statement of responsibility, etc. Muhunthan Thillai, Keith Hattotuwa.
250 ## - EDITION STATEMENT
Edition statement 1st ed.
260 ## - PUBLICATION, DISTRIBUTION, ETC. (IMPRINT)
Place of publication, distribution, etc. London :
Name of publisher, distributor, etc. JP Medical,
Date of publication, distribution, etc. 2012.
300 ## - PHYSICAL DESCRIPTION
Extent xiii, 156 p.
650 #0 - SUBJECT ADDED ENTRY--TOPICAL TERM
Topical term or geographic name as entry element Blood gases
General subdivision Analysis.
-- 0000185296
650 #0 - SUBJECT ADDED ENTRY--TOPICAL TERM
Topical term or geographic name as entry element Pulmonary function tests.
-- 0000185297
700 1# - ADDED ENTRY--PERSONAL NAME
Personal name Hattotuwa, Keith.
-- 0000185298
852 1# - LOCATION
-- p1950 KES
908 ## - PUT COMMAND PARAMETER (RLIN)
Put command parameter 140402
950 ## - LOCAL HOLDINGS (RLIN)
-- 1
Holdings
Withdrawn status Lost status Source of classification or shelving scheme Not for loan Home library Current library Date acquired Total Checkouts Total Renewals Full call number Barcode Date last seen Date last checked out Price effective from Koha item type
    Library of Congress Classification   Kabarak, Main Campus Kabarak, Main Campus 17/12/2015 9 1 RC734 .P84T45 2012 c. 1 017970 07/08/2025 26/07/2025 17/12/2015 General Collection
Designed with assistance from East African Informatics Ltd